| 000 | 00479nam a22001697a 4500 | ||
|---|---|---|---|
| 003 | NUST - PNEC | ||
| 005 | 20170116180851.0 | ||
| 008 | 150825b xxu||||| |||| 00| 0 eng d | ||
| 020 | _a8120724372 | ||
| 040 | _cLIBRARY | ||
| 082 | _a613.7176 KUM | ||
| 100 |
_95692 _aKumar, Vijaya |
||
| 245 |
_aAll you wanted to know about Walking _cVijaya Kumar |
||
| 260 |
_aNew Delhi: _bNew Dawn, Streling Publications Ltd., _cc2002. |
||
| 650 |
_95693 _aWalking _xGeneral |
||
| 942 |
_2ddc _cBK |
||
| 999 |
_c64609 _d64609 |
||